Things That Are "Happy" - Statistics

General Stats
  • This quiz has been taken 334 times
    331 since last reset
  • The average score is 12 of 18
Answer Stats
Hint Answer % Correct
The G in LGBTQ Gay
90%
Happy people are said to be on cloud_____ Nine
88%
____to the world! The Lord is come. Joy
86%
"Here's a little song I wrote. You might want to sing it note for note. Don't worry, __ ___! Be Happy
84%
Sitcom set in the 1950s staring The Fonz Happy Days
82%
A new baby is a _____of joy Bundle
80%
Holiday salutation Merry Christmas / Happy Holidays
80%
Happy _____, happy life Wife
74%
Alice's grinning cat in Wonderland Cheshire
73%
Tickeled_____ Pink
70%
Adam Sandler film Happy Gilmore
67%
He sang "Sexual Healing" and "What's Going On" Marvin Gaye
64%
Spinning amusement park ride with animals to sit on Merry Go Round
64%
Old King Cole was a ___ old soul Merry
59%
American musical comedy-drama TV series starring Lea Michele Glee
55%
What you'll get at a shady massage parlor Happy Ending
52%
The past tense of Michael Jackson's most famous song Thrilled
50%
One of the stars on the talk show The View Joy Behar
23%
No matching quizzes found
Score Distribution
Percent of People with Each Score
Percentile by Number Answered
Your Score History
You have not taken this quiz since the last reset